000 00761nam a2200217 4500
001 190499
003 ES-MaACL
005 20230906223747.0
008 210419s1998 sp a 000 0 spa
080 _a75 Sunyer, Raimon (083.824)
100 1 _aSunyer, Raimon.
_9171349
245 1 0 _aRaimon Sunyer:
_bpinturas : [exposición] Galería Juan Gris, enero de 1998 /
_cRaimon Sunyer.
260 _aMadrid :
_bJuan Gris, Galería de Arte,
_c[1998]
300 _a[24] p. :
_bprincipalmente il. col. ;
_c20 x 20 cm.
600 1 7 _aSunyer, Raimon-
_vExposiciones.
_9171350
655 7 _2tgfbne
_9193628
_aCatálogos de exposiciones
710 2 _aGalería Juan Gris.
_9171351
852 4 _aES-MaACL
_j2342-F-11
942 _2udc
999 _c190499
_d190499